000 00678nam a2200289Ia 4500
005 20260324142441.0
008 008 260324s9999 xx 000 0 eng d
020 _a9780429038938
037 _aEBOOK
040 _aCRL
040 _beng
040 _cCRL
041 _2eng
041 _aeng
084 _qCRL
100 _aMichael Jacobson
_91211982
245 0 _aMarketing Madness
245 2 _bA Survival Guide For A Consumer Society
260 _bTaylor and Francis
260 _c1995
365 _a
365 _b230
856 _uhttp://www.taylorfrancis.com/books/9780429038938
942 _cEBOOK
999 _c1816195
_d1816195